000 00445nam a2200169Ia 4500
003 GCL
008 140319s9999 xx 000 0 ara d
040 _aGCL /
_cGCL
082 0 4 _a130.3
_bس ا
100 1 _aسمير شيخانى
245 1 0 _aاكتشف طلريقك الخاص /
_cسمير شيخانى
260 _a[S.N] :
_bدار الجيل ،
_c1993
300 _a244 ص
490 _a
650 0 4 _aالسعادة
942 _2ddc
_cBK
999 _c55770
_d55770